Countries in Chunks Quiz Stats

Quiz Updated Mar 13, 2012

Challenge
Share
Tweet
Embed
Score 0/69 Timer 05:00
1 Play Today
2-letter chunk Country % Correct
AnFrance
86.6%
FrFrance
86.6%
CeFrance
86.6%
IaRussia
80.7%
RuRussia
80.7%
SsRussia
80.7%
GrGreece
75.3%
EeGreece
75.3%
CeGreece
75.3%
AbZimbabwe
71.4%
MbZimbabwe
71.4%
ZiZimbabwe
71.4%
WeZimbabwe
71.4%
CyCyprus
65.1%
PrCyprus
65.1%
UsCyprus
65.1%
CaCanada
62.5%
NaCanada
62.5%
DaCanada
62.5%
OuDjibouti
61.1%
DjDjibouti
61.1%
IbDjibouti
61.1%
TiDjibouti
61.1%
AnUganda
60.2%
DaUganda
60.2%
UgUganda
60.2%
IaLatvia
59.6%
LaLatvia
59.6%
TvLatvia
59.6%
AnJordan
50.8%
JoJordan
50.8%
RdJordan
50.8%
AnAngola
48%
GoAngola
48%
LaAngola
48%
2-letter chunk Country % Correct
IsIsrael
45.8%
RaIsrael
45.8%
ElIsrael
45.8%
AnTanzania
44.3%
IaTanzania
44.3%
TaTanzania
44.3%
NzTanzania
44.3%
ArBulgaria
40.9%
BuBulgaria
40.9%
LgBulgaria
40.9%
IaBulgaria
40.9%
AsHonduras
39.8%
UrHonduras
39.8%
HoHonduras
39.8%
NdHonduras
39.8%
PaPanama
35%
NaPanama
35%
MaPanama
35%
EtEthiopia
32.9%
HiEthiopia
32.9%
OpEthiopia
32.9%
IaEthiopia
32.9%
BaKiribati
32.6%
KiKiribati
32.6%
TiKiribati
32.6%
RiKiribati
32.6%
RiSuriname
25.2%
SuSuriname
25.2%
NaSuriname
25.2%
MeSuriname
25.2%
MaMaldives
19.4%
LdMaldives
19.4%
IvMaldives
19.4%
EsMaldives
19.4%

You're not logged in!

Compare scores with friends on all Sporcle quizzes.
Join for Free
OR
Log In

You Might Also Like...

Show Comments

Extras

Top Quizzes Today


Score Distribution

Your Account Isn't Verified!

In order to create a playlist on Sporcle, you need to verify the email address you used during registration. Go to your Sporcle Settings to finish the process.

Report this User

Report this user for behavior that violates our Community Guidelines.

Details: